01249pab a2200181 454500008004000000100002000040245004000060260000900100300001600109362001100125520072400136650002400860650001700884773003400901909001000935999001700945952010500962180718b2005 xxu||||| |||| 00| 0 eng d aBeteille, Andre aUniversities as public institutions c2005 ap.3377-381. a30 Jul aThe democratisation of the Indian university, enabling more social classes to gain access to higher learning, has not always been a smooth process and its consequences, at least in the short run, have not always been beneficial. But as seen in the instance of the European universities between the mid-19th and mid-20th centuries, when institutes of learning become socially more inclusive, they also gain academically in the long run. Much depends, however, on the process of becoming socially inclusive and the forces that drive this process. For such an undertaking to be successful, the tensions between demands of social inclusion and those of academic discrimination need to be tackled convincingly. - Reproduced. aPublic institutions aUniversities aEconomic and Political Weekly a66472 c66472d66472 00104070aIIPAbIIPAd2018-07-19hVolume no: 40, Issue no: 31pAR66924r2018-07-19w2018-07-19yAR